000 00312nam a22001217a 4500
008 160507b xxu||||| |||| 00| 0 eng d
020 _a9780534069247
020 _a053406924
041 _aeng
080 _a573
245 _aBiology the unity and diversity of life:
_cCecie Starr; Ralph Taggart;
942 _2udc
_cBK
999 _c1928
_d1928